Formula 1 temporada 2011 - Pilotos - Estadísticas

Estadísticas generales
  • Esta prueba ha sido intentada 1.001 veces
  • La puntuación promedio es 12 de 28
Estadísticas de respuestas
Puntos Respuesta % Correcto
257 Alonso
100%
227 Hamilton
99%
392 Vettel
99%
258 Webber
87%
118 Massa
85%
270 Button
84%
76 Schumacher
71%
89 Rosberg
69%
14 Perez
58%
0 De la Rosa
48%
1 Maldonado
45%
0 Ricciardo
39%
37 Petrov
32%
30 Kobayashi
31%
4 Barrichello
30%
26 Alguersuari
27%
2 Bruno Senna
27%
27 Di Resta
24%
42 Sutil
24%
0 Trulli
24%
0 Kovalainen
23%
15 Buemi
20%
0 Timo Glock
18%
34 Heidfeld
16%
0 Karthikeyan
13%
0 Luizzi
13%
0 Chandhok
9%
0 Ambrosio
3%
No se encontraron pruebas coincidentes
Distribución de puntuación
Porcentaje de gente con cada puntuación
Porcentaje por número respondido
Historial de tus puntuaciones
No has intentado esta prueba.